| 000 | 01377nam a2200397 a 4500 | ||
|---|---|---|---|
| 001 | 60087 | ||
| 003 | CO-BoRNBP | ||
| 005 | 20251209194211.0 | ||
| 007 | ta | ||
| 008 | 130620s2011 ck a gr 000 0dspa d | ||
| 020 | _a9789584493392 | ||
| 020 | _a9789584493378 (o.c.) | ||
| 040 |
_aCO-BoBLA _bspa _cCO-BoBLA |
||
| 041 | 0 | _aspa | |
| 043 | _as-ck--- | ||
| 082 | 0 | 4 |
_a304.82 _bA77c _219 |
| 084 | _aN INM2 V.2 | ||
| 100 | 1 |
_aArracó Montoliu, Jaime, _d1984- _967716 |
|
| 240 | 1 | 0 | _aBogotá-Bibliografía regional |
| 245 | 1 | 0 |
_aCreencias de un reconquistador / _cJaime Arracó Montoliu. |
| 250 | _aEdición Álvaro Robledo Cadavid, Juan David Correa, Ana Virginia Isaza. | ||
| 300 |
_a74 p. : _bil. ; _c15 cm. |
||
| 336 |
_2rdacontent _atexto _btxt |
||
| 337 |
_2rdamedia _asin mediación _bn |
||
| 338 |
_2rdacarrier _avolumen _bnc |
||
| 490 | 0 |
_aColección inmigrantes ; _v2 |
|
| 650 | _2LEMB | ||
| 651 | 7 |
_aColombia _x Emigración e inmigración _x Relatos personales. _967695 |
|
| 651 | 7 |
_aEspaña _x Emigración e inmigración _x Relatos personales. _967717 |
|
| 651 | 7 |
_aBogotá (Colombia) _x Vida social y costumbres _x Relatos personales. _967718 |
|
| 700 | 1 |
_aRobledo Cadavid, Alvaro, _d1977- _eed. _92093 |
|
| 700 | 1 |
_aCorrea Ulloa, Juan David, _d1976- _eed. _936940 |
|
| 700 | 1 |
_aIsaza, Ana Virginia, _eed. _967707 |
|
| 942 |
_2ddc _cBK |
||
| 949 |
_an _bn |
||
| 999 |
_c60087 _d60087 |
||